000 00281nam a22001217a 4500
082 _a894.812.3
_bSAT/A
100 _aU.S.SANTHAKUMARI
245 _aAKSHARACHEPPU
260 _aTHRISSUR
_bH & C PUBLISHING HOUSE
300 _a64
650 _aMALAYALAM STORY BOOK
_zKERALA
942 _cBK
999 _c1027
_d1027